000 00558nam a2200205 a 4500
001 4454
003 CO-ViMGA
008 141112s2004 ck r 000 u spa d
040 _aCO-ViMGA
_bspa
_cCO-ViMGA
082 0 4 _a913.73 M122v
100 1 _aMacDonald, Fiona
245 1 0 _aEn la Venecia de Marco Polo /
_cMacDonald Fiona , Bergin Mark
260 _aMadrid :
_bAnaya,
_c1991
300 _a31 p : il
490 _aEl tunel del timepo
650 1 4 _aBergin, Mark
_955195
650 1 4 _aITALIA - HISTORIA
650 1 4 _aMARCO POLO
_955197
942 _2ddc
_cBK
999 _c16464
_d16464